Helping children worship / (Record no. 8779)

MARC details
000 -LEADER
fixed length control field 00804cam a22002651a 4500
001 - CONTROL NUMBER
control field 9857041
003 - CONTROL NUMBER IDENTIFIER
control field GBCCL
005 - DATE AND TIME OF LATEST TRANSACTION
control field 20241126110658.0
008 - FIXED-LENGTH DATA ELEMENTS--GENERAL INFORMATION
fixed length control field 840515s1963 paua 000 0 eng
010 ## -
-- 64004213
035 ## - SYSTEM CONTROL NUMBER
System control number (OCoLC)10735628
040 ## - CATALOGING SOURCE
Original cataloging agency DLC
Transcribing agency IElgJ
Modifying agency DLC
042 ## -
-- premarc
050 00 -
-- BV1522
-- .H4
082 ## - DEWEY DECIMAL CLASSIFICATION NUMBER
Classification number 248.3
Item number HER
100 1# - MAIN ENTRY--PERSONAL NAME
Personal name Herzel, Catherine.
9 (RLIN) 7125
245 10 - TITLE STATEMENT
Title Helping children worship /
Statement of responsibility, etc. Catherine Herzel; Philip R. Hoh, editor.
260 ## - PUBLICATION, DISTRIBUTION, ETC.
Place of publication, distribution, etc. Philadelphia :
Name of publisher, distributor, etc. Lutheran Church Press,
Date of publication, distribution, etc. c1963.
300 ## - PHYSICAL DESCRIPTION
Extent 142 p. :
Other physical details ill. ;
Dimensions 21 cm.
490 0# - SERIES STATEMENT
Series statement LCA leadership education series.
650 #0 - SUBJECT ADDED ENTRY--TOPICAL TERM
Topical term or geographic name entry element Worship (Religious education)
9 (RLIN) 5994
700 1# - ADDED ENTRY--PERSONAL NAME
Personal name Hoh, Philip R.,
Relator term ed.
9 (RLIN) 15441
906 ## - LOCAL DATA ELEMENT F, LDF (RLIN)
a 7
b cbc
c oclcrpl
d u
e ncip
f 19
g y-gencatlg
942 ## - ADDED ENTRY ELEMENTS (KOHA)
Source of classification or shelving scheme Dewey Decimal Classification
Koha item type Books
Koha issues (borrowed), all copies 1
Holdings
Withdrawn status Lost status Source of classification or shelving scheme Damaged status Not for loan Home library Current Library Shelving location Date acquired Total checkouts Full call number Barcode Date last seen Date last checked out Copy number Price effective from Koha item type
    Dewey Decimal Classification     GRACE BIBLE COLLEGE GRACE BIBLE COLLEGE Ministry & Mission 2021-10-11 1 248.3 HER 004593 2025-05-01 2022-08-09 c.1 2021-10-11 Books
© Grace Bible College Library 2025